[Event "Omsk Rating op"]
[Site "Omsk"]
[Date "2014.10.22"]
[Round "9"]
[White "Bogachkov, Viktor"]
[Black "Konin, Sergey"]
[Result "0-1"]
[WhiteElo "1902"]
[BlackElo "1955"]
[PlyCount "32"]
[EventDate "2014.10.06"]
[EventType "swiss"]
[EventRounds "9"]
[EventCountry "RUS"]
[SourceTitle "EXT 2023"]
[Source "ChessBase"]
[SourceDate "2022.10.05"]
[SourceVersion "1"]
[SourceVersionDate "2022.10.05"]
[SourceQuality "1"]

1. d4 Nf6 2. Nf3 d5 3. Bf4 Bg4 4. e3 e6 5. c4 Bxf3 6. Qxf3 c6 7. Nc3 Bb4 8. Bg5 Qa5 9. Bxf6 Bxc3+ 10. Ke2 Bxb2 11. Bxg7 Rg8 12. cxd5 cxd5 13. Bf6 Bxa1 14. Qf4 Nd7 15. Bh4 Rc8 16. Qd6 Qa6+ 0-1

[Event "Omsk Rating op"]
[Site "Omsk"]
[Date "2014.10.18"]
[Round "7"]
[White "Konin, Sergey"]
[Black "Bogachkova, Alena"]
[Result "0-1"]
[WhiteElo "1955"]
[BlackElo "2136"]
[PlyCount "21"]
[EventDate "2014.10.06"]
[EventType "swiss"]
[EventRounds "9"]
[EventCountry "RUS"]
[SourceTitle "EXT 2023"]
[Source "ChessBase"]
[SourceDate "2022.10.05"]
[SourceVersion "1"]
[SourceVersionDate "2022.10.05"]
[SourceQuality "1"]

1. d4 d5 2. c4 c6 3. Nc3 Nf6 4. Bg5 dxc4 5. e3 Nd5 6. e4 Nxc3 7. bxc3 b5 8. a4 h6 9. Be3 e6 10. f4 Qc7 11. Nf3 0-1

[Event "Omsk Rating op"]
[Site "Omsk"]
[Date "2014.10.15"]
[Round "6"]
[White "Glushakov, Andrey"]
[Black "Konin, Sergey"]
[Result "1/2-1/2"]
[WhiteElo "1912"]
[BlackElo "1955"]
[PlyCount "82"]
[EventDate "2014.10.06"]
[EventType "swiss"]
[EventRounds "9"]
[EventCountry "RUS"]
[SourceTitle "EXT 2023"]
[Source "ChessBase"]
[SourceDate "2022.10.05"]
[SourceVersion "1"]
[SourceVersionDate "2022.10.05"]
[SourceQuality "1"]

1. e4 c6 2. d4 d5 3. Nc3 dxe4 4. Nxe4 Nf6 5. Nxf6+ exf6 6. Bc4 Nd7 7. Ne2 Nb6 8. Bb3 Bd6 9. 0-0 0-0 10. Re1 Bg4 11. f3 Bh5 12. Nf4 Bg6 13. Nxg6 hxg6 14. c4 Qc7 15. h3 Bg3 16. Re2 Qd7 17. Be3 Bc7 18. Bf2 f5 19. Qd2 Rae8 20. Rae1 Rxe2 21. Qxe2 Bd8 22. Qd2 g5 23. d5 g4 24. hxg4 fxg4 25. fxg4 Qxg4 26. Qe2 Qd7 27. Qe4 Bf6 28. Bd4 cxd5 29. cxd5 Bxd4+ 30. Qxd4 Qd6 31. Re3 Rc8 32. Rc3 Rd8 33. Rh3 Rc8 34. Rc3 Re8 35. Re3 Rxe3 36. Qxe3 Kf8 37. Qd4 f6 38. Qh4 Qe5 39. Qh8+ Kf7 40. d6+ Kg6 41. Qd8 Qe1+ 1/2-1/2

[Event "Omsk Rating op"]
[Site "Omsk"]
[Date "2014.10.13"]
[Round "5"]
[White "Konin, Sergey"]
[Black "Adyrbaev, Albert"]
[Result "1-0"]
[WhiteElo "1955"]
[BlackElo "1924"]
[PlyCount "24"]
[EventDate "2014.10.06"]
[EventType "swiss"]
[EventRounds "9"]
[EventCountry "RUS"]
[SourceTitle "EXT 2023"]
[Source "ChessBase"]
[SourceDate "2022.10.05"]
[SourceVersion "1"]
[SourceVersionDate "2022.10.05"]
[SourceQuality "1"]

1. d4 g6 2. c4 Nf6 3. Nc3 Bg7 4. e4 d6 5. f4 Bg4 6. Be2 Bxe2 7. Qxe2 0-0 8. Be3 Nfd7 9. Rd1 Nc6 10. Nf3 Qe8 11. e5 dxe5 12. fxe5 e6 1-0

[Event "Omsk Rating op"]
[Site "Omsk"]
[Date "2014.10.12"]
[Round "4"]
[White "Mokhov, Anatoly"]
[Black "Konin, Sergey"]
[Result "0-1"]
[WhiteElo "1690"]
[BlackElo "1955"]
[PlyCount "104"]
[EventDate "2014.10.06"]
[EventType "swiss"]
[EventRounds "9"]
[EventCountry "RUS"]
[SourceTitle "EXT 2023"]
[Source "ChessBase"]
[SourceDate "2022.10.05"]
[SourceVersion "1"]
[SourceVersionDate "2022.10.05"]
[SourceQuality "1"]

1. Nf3 d5 2. c4 c6 3. b3 Bg4 4. e3 Nf6 5. Be2 Nbd7 6. Bb2 e6 7. 0-0 Bd6 8. d4 0-0 9. Nbd2 Qe7 10. c5 Bc7 11. b4 a6 12. a4 e5 13. dxe5 Nxe5 14. Nxe5 Bxe2 15. Qxe2 Bxe5 16. Nf3 Bxb2 17. Qxb2 Ne4 18. Qe5 Qxe5 19. Nxe5 Rfe8 20. Nf3 Rad8 21. Nd4 Rc8 22. Rfc1 Nd2 23. Rc2 Nc4 24. a5 g6 25. h3 h5 26. Re2 Re4 27. Rb1 Rce8 28. Nf3 d4 29. Nd2 Nxd2 30. Rxd2 dxe3 31. fxe3 Rxe3 32. Rd7 R3e7 33. Rbd1 Kf8 34. Kf2 Rxd7 35. Rxd7 Re7 36. Rd4 Ke8 37. Kf3 Re1 38. Kf2 Rb1 39. Kf3 Ke7 40. Kf4 f6 41. Re4+ Kf7 42. Rd4 g5+ 43. Kf3 Ke6 44. g4 h4 45. Ke4 Re1+ 46. Kf3 Rh1 47. Kg2 Rb1 48. Kf3 Rb3+ 49. Ke4 Rxh3 50. Rd6+ Ke7 51. Kf5 Rf3+ 52. Kg6 Rf4 0-1

[Event "Omsk op 06"]
[Site "Omsk"]
[Date "2014.07.03"]
[Round "8"]
[White "Konin, Sergey"]
[Black "Adyrbaev, Albert"]
[Result "1-0"]
[WhiteElo "1944"]
[BlackElo "1941"]
[PlyCount "71"]
[EventDate "2014.06.20"]
[EventType "swiss"]
[EventRounds "9"]
[EventCountry "RUS"]
[SourceTitle "EXT 2016"]
[Source "ChessBase"]
[SourceDate "2015.10.08"]
[SourceVersion "1"]
[SourceVersionDate "2015.10.08"]
[SourceQuality "1"]

1. d4 g6 2. e4 d6 3. c4 Bg7 4. Nc3 Nf6 5. f4 0-0 6. Nf3 c5 7. d5 a6 8. Be2 e6 9. 0-0 exd5 10. exd5 Bf5 11. Bd3 Bxd3 12. Qxd3 Nbd7 13. Bd2 Qc7 14. f5 Ne5 15. Nxe5 dxe5 16. fxg6 fxg6 17. Ne4 Nxe4 18. Qxe4 b5 19. b3 Qd7 20. Be3 Qd6 21. Rac1 b4 22. Rf2 Rxf2 23. Bxf2 Rf8 24. Qe3 Qf6 25. Qxc5 Bh6 26. Re1 Bd2 27. Rd1 e4 28. d6 Bc3 29. Qd5+ Kg7 30. Bd4 Bxd4+ 31. Qxd4 Qxd4+ 32. Rxd4 Rd8 33. c5 Rc8 34. d7 Rd8 35. c6 Kf6 36. c7 1-0

[Event "Omsk op 06"]
[Site "Omsk"]
[Date "2014.06.28"]
[Round "6"]
[White "Krivoshapko, Alexander"]
[Black "Konin, Sergey"]
[Result "1/2-1/2"]
[WhiteElo "2051"]
[BlackElo "1944"]
[PlyCount "80"]
[EventDate "2014.06.20"]
[EventType "swiss"]
[EventRounds "9"]
[EventCountry "RUS"]
[SourceTitle "EXT 2016"]
[Source "ChessBase"]
[SourceDate "2015.10.08"]
[SourceVersion "1"]
[SourceVersionDate "2015.10.08"]
[SourceQuality "1"]

1. b4 d5 2. e3 Nf6 3. Bb2 Bg4 4. Nf3 e6 5. a3 Be7 6. c4 0-0 7. cxd5 Nxd5 8. Be2 Bf6 9. d4 a5 10. b5 c6 11. a4 c5 12. 0-0 Nd7 13. Nbd2 cxd4 14. exd4 Re8 15. Ne4 Be7 16. h3 Bf5 17. Ng3 Bg6 18. Bd3 N7b6 19. Bxg6 hxg6 20. Qb3 Rc8 21. Rac1 Rxc1 22. Rxc1 Qb8 23. Ba3 Rc8 24. Ne5 Rxc1+ 25. Bxc1 Qd6 26. Bd2 Nb4 27. Qf3 Bf6 28. Qxb7 Bxe5 29. dxe5 Qd4 30. Be3 Qd1+ 31. Kh2 Nxa4 32. Qa8+ Kh7 33. Qxa5 Nd5 34. Qa7 Nxe3 35. Qxe3 Qd5 36. b6 Qb7 37. Qf4 Nxb6 38. Ne4 Kg8 39. Qh4 Qd5 40. f4 Qxe4 1/2-1/2

[Event "Omsk op 02"]
[Site "Omsk"]
[Date "2014.02.09"]
[Round "4"]
[White "Konin, Sergey"]
[Black "Manchenko, Vladimir"]
[Result "0-1"]
[WhiteElo "1943"]
[BlackElo "2033"]
[PlyCount "62"]
[EventDate "2014.02.03"]
[EventType "swiss"]
[EventRounds "9"]
[EventCountry "RUS"]
[SourceTitle "EXT 2016"]
[Source "ChessBase"]
[SourceDate "2015.10.08"]
[SourceVersion "1"]
[SourceVersionDate "2015.10.08"]
[SourceQuality "1"]

1. d4 c5 2. d5 e5 3. dxe6 fxe6 4. c4 Nf6 5. Nc3 Be7 6. Nf3 Nc6 7. e3 0-0 8. Bd3 d5 9. 0-0 a6 10. a3 Qc7 11. Qc2 Ne5 12. b3 Nxd3 13. Qxd3 Qd6 14. Bb2 b6 15. Rad1 Bb7 16. cxd5 exd5 17. Ne2 Ne4 18. Ng3 Qe6 19. Qe2 Rad8 20. Nh5 g6 21. Nf4 Qc8 22. h4 Qg4 23. g3 Bxh4 24. Nd4 Qxe2 25. Ndxe2 Bf6 26. Ne6 Bxb2 27. Nxf8 Kxf8 28. Nf4 Ke7 29. a4 Nf6 30. Nd3 Bc3 31. Kg2 d4+ 0-1

[Event "Omsk op 12"]
[Site "Omsk"]
[Date "2013.12.11"]
[Round "7"]
[White "Konin, Sergey"]
[Black "Pisjmeniuk, Artem"]
[Result "1-0"]
[WhiteElo "1928"]
[BlackElo "1958"]
[PlyCount "43"]
[EventDate "2013.12.01"]
[EventType "swiss"]
[EventRounds "9"]
[EventCountry "RUS"]
[SourceTitle "EXT 2016"]
[Source "ChessBase"]
[SourceDate "2015.10.08"]
[SourceVersion "1"]
[SourceVersionDate "2015.10.08"]
[SourceQuality "1"]

1. d4 Nf6 2. c4 e6 3. Nc3 Bb4 4. Bd2 b6 5. a3 Bxc3 6. Bxc3 Ne4 7. Nf3 Nxc3 8. bxc3 Bb7 9. Qc2 d6 10. e4 Nd7 11. Bd3 e5 12. 0-0 0-0 13. Rab1 Qe7 14. Nd2 Qg5 15. g3 h6 16. f4 Qg4 17. fxe5 dxe5 18. Rf2 Rae8 19. c5 Re7 20. Nc4 g6 21. d5 Rb8 22. c6 1-0

[Event "Omsk op 12"]
[Site "Omsk"]
[Date "2013.12.01"]
[Round "1"]
[White "Konin, Sergey"]
[Black "Barakin, Gennady"]
[Result "1-0"]
[WhiteElo "1928"]
[BlackElo "1985"]
[PlyCount "57"]
[EventDate "2013.12.01"]
[EventType "swiss"]
[EventRounds "9"]
[EventCountry "RUS"]
[SourceTitle "EXT 2016"]
[Source "ChessBase"]
[SourceDate "2015.10.08"]
[SourceVersion "1"]
[SourceVersionDate "2015.10.08"]
[SourceQuality "1"]

1. d4 g6 2. c4 Bg7 3. Nc3 d6 4. e4 c6 5. Be3 Qc7 6. Qd2 Nd7 7. Bd3 e5 8. Nge2 Ne7 9. f4 exd4 10. Bxd4 Bxd4 11. Nxd4 Nf6 12. 0-0 0-0 13. h3 Ne8 14. f5 f6 15. Rf3 Kg7 16. Raf1 a6 17. Nce2 c5 18. Nc2 Nc6 19. Ne3 Ne5 20. Rg3 Bd7 21. Nf4 g5 22. Ned5 Qd8 23. Nh5+ Kh8 24. h4 h6 25. hxg5 fxg5 26. f6 Rf7 27. Rxg5 hxg5 28. Qxg5 Rh7 29. Ne7 1-0

[Event "Omsk-ch"]
[Site "Omsk"]
[Date "2013.02.16"]
[Round "8"]
[White "Barakin, Gennady"]
[Black "Konin, Sergey"]
[Result "1-0"]
[WhiteElo "2017"]
[BlackElo "1864"]
[PlyCount "50"]
[EventDate "2013.02.09"]
[EventType "swiss"]
[EventRounds "9"]
[EventCountry "RUS"]
[SourceTitle "CBM 153 Extra"]
[Source "ChessBase"]
[SourceDate "2013.04.22"]
[SourceVersion "1"]
[SourceVersionDate "2013.04.22"]
[SourceQuality "1"]

1. e4 c6 2. d4 d5 3. exd5 cxd5 4. Bd3 Nc6 5. c3 Nf6 6. Bf4 e6 7. Nf3 Bd6 8. Bxd6 Qxd6 9. 0-0 0-0 10. Nbd2 Qf4 11. Qe2 a6 12. Rfe1 b5 13. a3 Na5 14. Ne5 Nc4 15. Ndf3 Ra7 16. g3 Qh6 17. h4 Ne4 18. Nxc4 bxc4 19. Bxe4 dxe4 20. Qxe4 Bb7 21. Qe2 Bd5 22. Ne5 Re7 23. Qe3 Qf6 24. f4 Rb8 25. Re2 Reb7 1-0

[Event "Omsk-ch"]
[Site "Omsk"]
[Date "2013.02.12"]
[Round "4"]
[White "Konin, Sergey"]
[Black "Manchenko, Vladimir"]
[Result "0-1"]
[WhiteElo "1864"]
[BlackElo "2043"]
[PlyCount "50"]
[EventDate "2013.02.09"]
[EventType "swiss"]
[EventRounds "9"]
[EventCountry "RUS"]
[SourceTitle "CBM 153 Extra"]
[Source "ChessBase"]
[SourceDate "2013.04.22"]
[SourceVersion "1"]
[SourceVersionDate "2013.04.22"]
[SourceQuality "1"]

1. d4 c5 2. Nf3 e6 3. c3 Nf6 4. Bg5 h6 5. Bh4 g5 6. Bg3 Ne4 7. e3 Qb6 8. Qc2 d5 9. Bxb8 Rxb8 10. Bd3 f5 11. a4 Bd7 12. Ne5 Bd6 13. Nxd7 Kxd7 14. f3 Nf6 15. a5 Qc7 16. Bb5+ Ke7 17. g3 c4 18. Nd2 a6 19. Ba4 Qxa5 20. e4 fxe4 21. fxe4 Qc7 22. e5 Bxe5 23. dxe5 Qxe5+ 24. Kd1 Ng4 25. Re1 Nf2+ 0-1